00000000nam 2200000zi 4500
0019.939841
003CaOODSP
00520250131085428
006m     o  d f      
007cr bn|||||||||
008240626e199109##onc     ob   f00| 0|eng d
040 |aCaOODSP|beng|erda|cCaOODSP
043 |an-cn---
0861 |aCo24-3/10-4-1991E-PDF
24500|aReview of the evaluation and audit functions.
264 1|a[Ottawa] : |bGovernment of Canada, Department of Communications, Program Evaluation Division, |cSeptember 1991.
300 |a1 online resource (1 volume (various pagings)).
336 |atext|btxt|2rdacontent
337 |acomputer|bc|2rdamedia
338 |aonline resource|bcr|2rdacarrier
4901 |aSpecial study
4900 |aDOC program evaluation series
500 |aDigitized edition from print [produced by Innovation, Science and Economic Development Canada].
500 |aIssued also in French under title : Un examen des fonctions d'évaluation et de vérification.
500 |aIncludes some text in French.
504 |aIncludes bibliographical references.
61010|aCanada. |bDepartment of Communications. |bProgram Evaluation Division.
7101 |aCanada. |bDepartment of Communications, |eissuing body.
7101 |aCanada. |bDepartment of Communications. |bProgram Evaluation Division, |eissuing body.
77508|tUn examen des fonctions d'évaluation et de vérification.|w(CaOODSP)9.947161
830#0|aSpecial study (Canada. Communications Canada. Program Evaluation Division)|w(CaOODSP)9.939896
85640|qPDF|s1.13 MB|uhttps://publications.gc.ca/collections/collection_2025/isde-ised/co24/Co24-3-10-4-1991-eng.pdf